[Event "12. Lichtenberger Sommer"]
[Site "Berlin"]
[Date "2013.08.25"]
[Round "9.74"]
[White "Getzuhn, Detlef"]
[Black "Kohlmeyer, Dagobert"]
[Result "1-0"]
[WhiteElo "1903"]
[BlackElo "1892"]
[PlyCount "79"]
[EventDate "2013.??.??"]
[WhiteTeam "SV Senat"]
[BlackTeam "SC Rochade e.V."]

1. d4 Nf6 2. f4 d5 3. Nf3 Bf5 4. e3 g6 5. Be2 Bg7 6. O-O O-O 7. Ne5 h5 8. Nd2
Nbd7 9. Ndf3 c5 10. c3 cxd4 11. exd4 a6 12. h3 Ne4 13. Kh2 Nxe5 14. fxe5 Qc7
15. Nh4 Be6 16. Bd3 Bxe5+ 17. dxe5 Qxe5+ 18. Bf4 Qg7 19. Bxe4 dxe4 20. Qd4 Qxd4
21. cxd4 Bc4 22. Rfe1 Bd3 23. g4 hxg4 24. hxg4 Kg7 25. Kg3 Rad8 26. Be3 f5 27.
gxf5 gxf5 28. Kf4 e6 29. Rg1+ Kf7 30. Ng6 Rg8 31. Ne5+ Ke7 32. Rxg8 Rxg8 33.
Rg1 Rc8 34. Rc1 Rg8 35. Rc7+ Kd8 36. Rxb7 Rg2 37. Nf7+ Ke8 38. Nd6+ Kd8 39. Ke5
Rg6 40. Bd2 1-0

[Event "12. Lichtenberger Sommer"]
[Site "Berlin"]
[Date "2013.08.25"]
[Round "9.75"]
[White "Lübke, Thomas"]
[Black "Georgi, David"]
[Result "0-1"]
[WhiteElo "1964"]
[BlackElo "1696"]
[PlyCount "64"]
[EventDate "2013.??.??"]
[WhiteTeam "FVS ASP Hoyerswerda"]
[BlackTeam "BSG Pneumant Fürstenwalde e.V."]

1. d4 d5 2. Bf4 Nf6 3. e3 e6 4. Nf3 c5 5. c3 Nc6 6. Bd3 Be7 7. Nbd2 O-O 8. O-O
Re8 9. h3 b6 10. Qe2 Bb7 11. Rad1 Qc8 12. dxc5 bxc5 13. e4 a5 14. Rfe1 Ba6 15.
exd5 exd5 16. Bxa6 Rxa6 17. Qd3 Rb6 18. b3 Qb7 19. Ne5 Nd8 20. Qf3 Ne6 21. Be3
d4 22. cxd4 cxd4 23. Ndc4 dxe3 24. Nxb6 exf2+ 25. Kxf2 Qxb6+ 26. Kf1 Ng5 27.
Qf4 Nh5 28. Qg4 g6 29. h4 Qf6+ 30. Kg1 Bc5+ 31. Kh1 Rxe5 32. Rxe5 Qxe5 0-1

[Event "12. Lichtenberger Sommer"]
[Site "Berlin"]
[Date "2013.08.25"]
[Round "9.76"]
[White "Salz, Matthias"]
[Black "Kujawa, Werner"]
[Result "1-0"]
[WhiteElo "1698"]
[BlackElo "1814"]
[PlyCount "71"]
[EventDate "2013.??.??"]
[WhiteTeam "SV Empor Berlin e.V."]
[BlackTeam "SV Motor Wildau e.V."]

1. c4 Nf6 2. g3 c5 3. Bg2 Nc6 4. Nf3 g6 5. Nc3 Bg7 6. d4 cxd4 7. Nxd4 O-O 8.
O-O a6 9. h3 Nxd4 10. Qxd4 d6 11. Qd3 Qc7 12. Bg5 Be6 13. Nd5 Bxd5 14. cxd5
Rfc8 15. h4 Qc2 16. Qe3 Qc5 17. Qxe7 Re8 18. Qxb7 Reb8 19. Qc6 Rc8 20. Qxc5
Rxc5 21. Rac1 Rac8 22. Rxc5 Rxc5 23. Rc1 Rxc1+ 24. Bxc1 h5 25. Bf4 Bf8 26. b4
Be7 27. a4 Kf8 28. a5 Ke8 29. b5 Kd7 30. bxa6 Kc7 31. e4 Kb8 32. e5 Ne8 33. Be3
Ka8 34. Bb6 Kb8 35. Bf1 dxe5 36. Bb5 1-0

[Event "12. Lichtenberger Sommer"]
[Site "Berlin"]
[Date "2013.08.25"]
[Round "9.77"]
[White "Lohse, Steffen"]
[Black "Korell, Klaus-Peter"]
[Result "1-0"]
[WhiteElo "1897"]
[BlackElo "1960"]
[PlyCount "147"]
[EventDate "2013.??.??"]
[WhiteTeam "SV Osram"]
[BlackTeam "SG TT/Wiheil"]

1. d4 d5 2. e3 Nf6 3. c3 g6 4. Bd3 Bg7 5. f4 O-O 6. Nd2 Nbd7 7. Ngf3 c5 8. b3
b6 9. O-O Bb7 10. Ne5 Ne4 11. Bb2 Ndf6 12. Qe2 e6 13. Rad1 a5 14. a4 Qc8 15.
Bb5 Ba6 16. Nxe4 Nxe4 17. Nd7 Qxd7 18. Bxa6 Qa7 19. Bd3 f5 20. Bxe4 fxe4 21. g4
Qd7 22. Ba3 Rac8 23. Rc1 Rf7 24. Bb2 c4 25. Ra1 Bf8 26. Ba3 cxb3 27. Bxf8 Rfxf8
28. Qb2 Rc4 29. Qxb3 Qc6 30. Rfc1 Rc8 31. Ra3 Rb4 32. Qc2 Rc4 33. Qb3 Kf7 34.
g5 Kg7 35. Qd1 h6 36. h4 hxg5 37. hxg5 Rh8 38. Kg2 Kf7 39. Qb3 Kf8 40. Rb1 Kf7
41. Qxb6 Rc8 42. Qxa5 Ra8 43. Qb6 Qxb6 44. Rxb6 Rcxa4 45. Rxa4 Rxa4 46. Rb2 Rc4
47. Rc2 Ke7 48. Kf2 Kd6 49. Ke2 Kc6 50. Kd2 Ra4 51. Rb2 Kc7 52. Kc2 Ra3 53. Kd2
Ra5 54. Kc2 Ra3 55. Kd2 Ra5 56. Kc1 Ra3 57. Rc2 Rb3 58. Kd2 Ra3 59. c4 Kd6 60.
c5+ Kd7 61. Rb2 Rd3+ 62. Ke2 Rc3 63. Rb6 Rc2+ 64. Kd1 Rc3 65. Rd6+ Ke7 66. Kd2
Rd3+ 67. Ke2 Rc3 68. Ra6 Rc2+ 69. Ke1 Rc3 70. Ra7+ Kf8 71. Kd2 Rd3+ 72. Kc2
Rxe3 73. c6 Ke8 74. Ra8+ 1-0

[Event "12. Lichtenberger Sommer"]
[Site "Berlin"]
[Date "2013.08.25"]
[Round "9.78"]
[White "Prix, Siegfried"]
[Black "Bieg, Pascal"]
[Result "0-1"]
[WhiteElo "1803"]
[BlackElo "1859"]
[PlyCount "72"]
[EventDate "2013.??.??"]
[WhiteTeam "Sfrd. Berlin 1903 e.V."]
[BlackTeam "SC Kreuzberg e.V."]

1. e4 e6 2. d4 d5 3. Nc3 Nf6 4. Bg5 Bb4 5. e5 h6 6. Bd2 Bxc3 7. Bxc3 Ne4 8. Bb4
c5 9. Bxc5 Qa5+ 10. c3 Nxc5 11. dxc5 Qxc5 12. Qd4 Qc7 13. f4 Nc6 14. Bb5 Bd7
15. Bxc6 bxc6 16. b4 c5 17. Qd2 O-O 18. Nf3 cxb4 19. cxb4 a5 20. O-O Qb6+ 21.
Rf2 Qxb4 22. Qxb4 axb4 23. Rb2 Ra4 24. g3 Bb5 25. Nd4 Bc4 26. Rab1 Rfa8 27. Nc2
Bxa2 28. Rc1 b3 29. Ne1 Rc4 30. Nd3 Rac8 31. Ra1 Rc2 32. Rxc2 Rxc2 33. Ne1 Rd2
34. Nf3 b2 35. Rb1 Rc2 36. Ne1 Bxb1 0-1

[Event "12. Lichtenberger Sommer"]
[Site "Berlin"]
[Date "2013.08.25"]
[Round "9.79"]
[White "Grassi, Fabrizio"]
[Black "Zesewitz, Martin"]
[Result "0-1"]
[WhiteElo "1957"]
[BlackElo "1863"]
[PlyCount "83"]
[EventDate "2013.??.??"]
[WhiteTeam "SV Berlin-Friedrichstadt"]
[BlackTeam "SF Friedrichshagen"]

1. d4 f5 2. Bf4 Nf6 3. e3 e6 4. Nf3 Be7 5. h3 b6 6. Bd3 Bb7 7. Nbd2 Ne4 8. Qe2
c5 9. O-O-O a6 10. Ne5 O-O 11. Rhg1 d6 12. Nef3 b5 13. c3 Qa5 14. Kb1 c4 15.
Bc2 d5 16. Bxe4 fxe4 17. Ng5 Bc8 18. Qh5 h6 19. h4 Nd7 20. Nxe6 Nf6 21. Qe5
Bxe6 22. Qxe6+ Rf7 23. g4 b4 24. cxb4 Bxb4 25. Nxc4 dxc4 26. Qxc4 Nd5 27. g5
Qb5 28. Qb3 Be7 29. Qxb5 axb5 30. gxh6 Nxf4 31. exf4 Bxh4 32. Rxg7+ Rxg7 33.
hxg7 Bxf2 34. Rh1 Kxg7 35. Rh5 e3 36. Re5 Ra4 37. d5 Rxf4 38. Kc2 Rd4 39. Kc3
Rd2 40. a3 Kf6 41. Re8 Rxd5 42. b3 0-1

[Event "12. Lichtenberger Sommer"]
[Site "Berlin"]
[Date "2013.08.25"]
[Round "9.80"]
[White "Räcke, Norbert"]
[Black "Schmitt, Jens-Ole"]
[Result "1/2-1/2"]
[WhiteElo "1846"]
[BlackElo "1676"]
[PlyCount "22"]
[EventDate "2013.??.??"]
[WhiteTeam "Queer-Springer SSV Berlin"]
[BlackTeam "SG Narva Berlin e.V."]

1. d4 Nf6 2. c4 e6 3. Nc3 Bb4 4. Qc2 c5 5. dxc5 O-O 6. Bf4 Na6 7. a3 Bxc3+ 8.
Qxc3 Nxc5 9. Qc2 Qe7 10. b4 e5 11. Bg3 Nce4 1/2-1/2

[Event "12. Lichtenberger Sommer"]
[Site "Berlin"]
[Date "2013.08.25"]
[Round "9.81"]
[White "Revinelli, Sergio"]
[Black "Bollenbach, Horst"]
[Result "1-0"]
[WhiteElo "1829"]
[BlackElo "1566"]
[PlyCount "114"]
[EventDate "2013.??.??"]
[WhiteTeam "C.S. Veduggio"]
[BlackTeam "SC Friesen Lichtenberg e.V."]

1. e4 c5 2. Nf3 d5 3. exd5 Qxd5 4. Nc3 Qd8 5. Bc4 Nf6 6. O-O Nc6 7. h3 a6 8. a4
e6 9. Qe2 Qc7 10. Re1 Nd4 11. Qd3 Qf4 12. Nxd4 Qxd4 13. Qe2 Bd6 14. d3 Bf4 15.
Bxf4 Qxf4 16. Nd5 Nxd5 17. Bxd5 O-O 18. Bf3 Rb8 19. a5 Bd7 20. g3 Qh6 21. Kg2
e5 22. Rh1 Rfe8 23. h4 f5 24. Rag1 Bc6 25. Kf1 Qc1+ 26. Kg2 Qh6 27. Re1 Rbd8
28. b3 Kh8 29. Bxc6 Qxc6+ 30. Qf3 e4 31. dxe4 fxe4 32. Qe3 c4 33. Kh2 c3 34.
Rd1 h6 35. Rhe1 Rxd1 36. Rxd1 Qf6 37. Kg2 Qe5 38. Rd4 Qc5 39. Rxe4 Qxe3 40.
Rxe3 Rc8 41. Kf1 Rc5 42. Ke2 Rxa5 43. Rxc3 Kh7 44. g4 Kg6 45. h5+ Kf6 46. f4 g6
47. hxg6 Kxg6 48. Ke3 h5 49. gxh5+ Rxh5 50. Rc7 Rb5 51. Rc4 Kf5 52. b4 b6 53.
c3 a5 54. bxa5 Rxa5 55. Rb4 b5 56. Rd4 Ra4 57. Rb4 Ra3 1-0

[Event "12. Lichtenberger Sommer"]
[Site "Berlin"]
[Date "2013.08.25"]
[Round "9.82"]
[White "Scholta, Danilo"]
[Black "Bender, Sebastian"]
[Result "1-0"]
[WhiteElo "1584"]
[BlackElo "1921"]
[PlyCount "59"]
[EventDate "2013.??.??"]
[WhiteTeam "SV Empor Berlin e.V."]
[BlackTeam "SC Zugzwang 95 e.V."]

1. e4 d6 2. Bc4 Nf6 3. Nc3 e5 4. h3 Be7 5. Nf3 O-O 6. d3 c6 7. O-O b5 8. Bb3
Nbd7 9. Be3 Qc7 10. Rc1 Bb7 11. Nh2 b4 12. Ne2 d5 13. f3 d4 14. Bd2 c5 15. Qe1
Qb6 16. Bc4 a5 17. b3 a4 18. Ra1 axb3 19. Bxb3 Rfc8 20. Kh1 Qd8 21. Bg5 Nh5 22.
Bxe7 Qxe7 23. f4 c4 24. Bxc4 Rxc4 25. dxc4 Bxe4 26. Ng3 Nxg3+ 27. Qxg3 Ra3 28.
Nf3 Bxc2 29. fxe5 Nxe5 30. Qxe5 1-0

[Event "12. Lichtenberger Sommer"]
[Site "Berlin"]
[Date "2013.08.25"]
[Round "9.83"]
[White "Möller, Dirk"]
[Black "Ritter, Uwe"]
[Result "0-1"]
[WhiteElo "1649"]
[BlackElo "1991"]
[PlyCount "100"]
[EventDate "2013.??.??"]
[WhiteTeam "SC Kreuzberg e.V."]
[BlackTeam "Reideburger SV 90 Halle"]

1. e4 e6 2. d4 d5 3. exd5 exd5 4. Nf3 Bd6 5. c4 Qe7+ 6. Be3 Bf4 7. Qb3 Bxe3 8.
fxe3 dxc4 9. Bxc4 Nd7 10. O-O Nb6 11. Ne5 Nxc4 12. Qxc4 Nh6 13. Nc3 c6 14. Rf3
O-O 15. Raf1 Be6 16. Qd3 Rad8 17. Rg3 f6 18. Nf3 Nf5 19. Rh3 g6 20. Nh4 Nxh4
21. Rxh4 f5 22. Rhf4 Qd7 23. Ne2 Qd5 24. Nc3 Qd6 25. Rd1 Bd5 26. Qe2 Qe6 27. b3
Rfe8 28. Nxd5 Rxd5 29. Rf3 Red8 30. Rf2 c5 31. Qf3 Qb6 32. Qe2 cxd4 33. Qc4
dxe3 34. Re2 Qe6 35. Rde1 b5 36. Qc1 f4 37. a4 bxa4 38. bxa4 Qe4 39. Qc2 Qxc2
40. Rxc2 R8d7 41. Rc4 Rd4 42. Rxd4 Rxd4 43. a5 Kf7 44. Ra1 Kf6 45. Kf1 Ke5 46.
Ke2 Ke4 47. Ra2 g5 48. h3 h5 49. a6 g4 50. Ra5 f3+ 0-1

[Event "12. Lichtenberger Sommer"]
[Site "Berlin"]
[Date "2013.08.25"]
[Round "9.84"]
[White "Theilig, Reinhard"]
[Black "Knauer, Frank"]
[Result "0-1"]
[WhiteElo "1713"]
[BlackElo "1846"]
[PlyCount "90"]
[EventDate "2013.??.??"]
[WhiteTeam "VfB Hermsdorf e.V."]
[BlackTeam "FC ST.Pauli 1910 eV SAbt"]

1. Nf3 d6 2. c4 Nf6 3. g3 g6 4. Nc3 Bg7 5. Bg2 O-O 6. O-O Nbd7 7. Qc2 e5 8. d3
a5 9. Bd2 Nc5 10. d4 Bf5 11. Qc1 Nce4 12. dxe5 dxe5 13. Nxe4 Nxe4 14. Bh6 Qf6
15. Bxg7 Kxg7 16. Nh4 Rfd8 17. Nxf5+ Qxf5 18. Qe3 Nd2 19. Rfc1 c6 20. b3 f6 21.
Rc3 Rd4 22. Rd3 Rad8 23. Rxd4 Rxd4 24. Rc1 a4 25. h3 h5 26. Kh2 g5 27. c5 axb3
28. axb3 h4 29. g4 Qf4+ 30. Qxf4 Rxf4 31. Kg1 Nxb3 32. e3 Nxc1 33. exf4 Nd3 34.
fxe5 fxe5 35. Be4 Nxc5 36. Bc2 Kf6 37. f3 e4 38. Kf2 Ke5 39. Ke3 exf3 40. Bd1
f2 41. Kxf2 Kd4 42. Kf3 b5 43. Bc2 b4 44. Bf5 Nd3 45. Bd7 Ne5+ 0-1

[Event "12. Lichtenberger Sommer"]
[Site "Berlin"]
[Date "2013.08.25"]
[Round "9.85"]
[White "Schweitzer, Paul"]
[Black "Roth, Joachim"]
[Result "0-1"]
[WhiteElo "1724"]
[BlackElo "1923"]
[PlyCount "60"]
[EventDate "2013.??.??"]
[WhiteTeam "SV Königsjäger Süd-West e.V."]
[BlackTeam "SG Bund"]

1. Nf3 d5 2. d4 Nf6 3. c3 e6 4. Bg5 c5 5. e3 Nc6 6. Ne5 a6 7. a3 Be7 8. Bxf6
gxf6 9. Nxc6 bxc6 10. dxc5 Bxc5 11. b4 Bd6 12. Qg4 Be5 13. f4 f5 14. Qe2 Bf6
15. Qc2 Qb6 16. Ke2 a5 17. bxa5 Rxa5 18. Ra2 Rc5 19. Kf3 Qa5 20. Rb2 O-O 21.
Bd3 Bxc3 22. Rb8 Be5 23. Rb5 Qxb5 24. Qe2 Qb8 25. fxe5 Qxe5 26. g4 fxg4+ 27.
Kf2 f5 28. Rg1 Qxh2+ 29. Rg2 Qh4+ 30. Rg3 h5 0-1

[Event "12. Lichtenberger Sommer"]
[Site "Berlin"]
[Date "2013.08.25"]
[Round "9.87"]
[White "Boeck, Rüdiger"]
[Black "Dietzel, Uwe"]
[Result "1/2-1/2"]
[WhiteElo "1829"]
[BlackElo "1708"]
[PlyCount "40"]
[EventDate "2013.??.??"]
[WhiteTeam "SC Weisse Dame Ulm e.V."]
[BlackTeam "TSV Lichtentanne SAbt"]

1. e4 e6 2. d4 d5 3. exd5 exd5 4. Nf3 Bg4 5. Be2 Nf6 6. O-O Be7 7. h3 Bxf3 8.
Bxf3 O-O 9. Nc3 c6 10. Re1 Bd6 11. Bg5 Nbd7 12. Bg4 Qc7 13. Bxd7 Nxd7 14. Qg4
Rfe8 15. Bh6 Bf8 16. Bf4 Bd6 17. Bh6 Bf8 18. Bg5 Bd6 19. Qf5 Nb6 20. b3 Qd7
1/2-1/2

[Event "12. Lichtenberger Sommer"]
[Site "Berlin"]
[Date "2013.08.25"]
[Round "9.88"]
[White "Schüler, Wolfgang"]
[Black "Korb, Viktor"]
[Result "1-0"]
[WhiteElo "1880"]
[BlackElo "1691"]
[PlyCount "82"]
[EventDate "2013.??.??"]
[WhiteTeam "SC Friesen Lichtenberg e.V."]
[BlackTeam "SF Siemensstadt"]

1. e4 c6 2. d4 d5 3. exd5 cxd5 4. c4 Nf6 5. Nc3 Nc6 6. Nf3 Bg4 7. Be3 e6 8. c5
Be7 9. Bb5 O-O 10. h3 Bf5 11. O-O Rc8 12. Qa4 Qc7 13. Bxc6 Qxc6 14. Qxc6 bxc6
15. b4 Rb8 16. a3 Nd7 17. Bf4 Rb7 18. Rfe1 Bd8 19. Bd6 Re8 20. Ne5 Nxe5 21.
dxe5 a6 22. Ne2 Be7 23. Nd4 Rc8 24. Nxf5 exf5 25. f4 Kf8 26. g3 Ke8 27. Re2 Kd7
28. Rb1 Ke6 29. Kf2 h5 30. Kf3 g6 31. a4 Bxd6 32. exd6+ Kf6 33. Rc2 Ke6 34. Ke3
Kd7 35. Kd3 Rcb8 36. Rcb2 f6 37. Kc3 Ke8 38. b5 axb5 39. axb5 cxb5 40. Kd4 Kd7
41. Kxd5 Rc8 1-0

[Event "12. Lichtenberger Sommer"]
[Site "Berlin"]
[Date "2013.08.25"]
[Round "9.89"]
[White "Lange, Cecilia"]
[Black "Schlittermann, Wolfgang"]
[Result "1-0"]
[WhiteElo "1143"]
[BlackElo "1769"]
[PlyCount "167"]
[EventDate "2013.??.??"]
[WhiteTeam "TSG Oberschöneweide e.V."]
[BlackTeam "SV Osram e.V."]

1. e4 c5 2. Nf3 e6 3. d4 cxd4 4. Nxd4 a6 5. Nc3 Bb4 6. Bd2 Qb6 7. Nb3 Nf6 8.
Bd3 Nc6 9. a3 Be7 10. Be3 Qc7 11. Qe2 Ne5 12. O-O-O Bxa3 13. Bd4 Be7 14. f3
Nxd3+ 15. Qxd3 b6 16. Qe3 Rb8 17. Qg5 Rg8 18. Be5 d6 19. Bxf6 Bxf6 20. Qd2 Bxc3
21. bxc3 Ke7 22. f4 Bb7 23. Rhe1 Rgd8 24. f5 h6 25. g4 Rbc8 26. Kb2 Qc4 27. Qe3
Qc6 28. g5 hxg5 29. Qxg5+ Kf8 30. Qg3 exf5 31. exf5 Qf3 32. Rd3 Qxf5 33. Rxd6
Rxd6 34. Qxd6+ Kg8 35. Qxb6 Qb5 36. Qxb5 axb5 37. Re5 Ba6 38. Nc5 Rc6 39. Nxa6
Rxa6 40. Rxb5 Rh6 41. c4 Rxh2 42. c5 Rh5 43. Rb8+ Kh7 44. c6 Rc5 45. Rb7 f5 46.
c7 Kg6 47. Kc1 Kf6 48. Kd2 g5 49. Kd3 Ke5 50. Rb5 Rxb5 51. c8=Q Rd5+ 52. Ke3 g4
53. Qf8 Ke6 54. c4 Re5+ 55. Kf4 Re4+ 56. Kg5 Kd7 57. Qxf5+ Re6 58. c5 Ke7 59.
Qd5 g3 60. c6 Rd6 61. Qc5 Ke6 62. Qc4+ Rd5+ 63. Kf4 g2 64. Qe4+ Kd6 65. Qg6+
Kc7 66. Qxg2 Kxc6 67. Qc2+ Rc5 68. Qd3 Rd5 69. Qe4 Kc5 70. Ke3 Kd6 71. Qf4+ Kc6
72. Ke4 Rb5 73. Qf6+ Kc5 74. Qd4+ Kc6 75. Qc4+ Kb6 76. Kd4 Ka5 77. Qc3+ Kb6 78.
Qa3 Ra5 79. Qb4+ Ka6 80. Kc4 Ra1 81. Qd6+ Kb7 82. Qe7+ Kc8 83. Qf8+ Kb7 84.
Qg7+ 1-0

[Event "12. Lichtenberger Sommer"]
[Site "Berlin"]
[Date "2013.08.25"]
[Round "9.90"]
[White "Schröter, Maik"]
[Black "Schrade, Ulrich"]
[Result "1-0"]
[WhiteElo "1856"]
[BlackElo "1528"]
[PlyCount "25"]
[EventDate "2013.??.??"]
[WhiteTeam "SG Blau-Weiß Stadtilm"]
[BlackTeam "SV Trossingen"]

1. e4 Nf6 2. e5 Nd5 3. d4 d6 4. Nf3 Bg4 5. h3 Bh5 6. Be2 e6 7. c4 Nb6 8. O-O
dxe5 9. Nxe5 Bxe2 10. Qxe2 N8d7 11. c5 Nd5 12. Re1 c6 13. Nxf7 1-0

[Event "12. Lichtenberger Sommer"]
[Site "Berlin"]
[Date "2013.08.25"]
[Round "9.92"]
[White "Bandsom, Olaf"]
[Black "Dathe, Frederick"]
[Result "1-0"]
[WhiteElo "1808"]
[BlackElo "1458"]
[PlyCount "99"]
[EventDate "2013.??.??"]
[WhiteTeam "SC Friesen Lichtenberg e.V."]
[BlackTeam "Schachunion Berlin e.V."]

1. e4 c5 2. Nf3 Nc6 3. d4 cxd4 4. Nxd4 g6 5. Nc3 Bg7 6. Be3 d6 7. Qd2 Nf6 8. h3
O-O 9. Be2 Bd7 10. f3 a6 11. O-O-O Rc8 12. Kb1 Qc7 13. g4 Ne5 14. g5 Nh5 15.
Nd5 Qd8 16. Qb4 Ng3 17. Rh2 Nxe2 18. Rxe2 b5 19. f4 Nc4 20. e5 Nxe3 21. Rxe3
Rc4 22. Qe1 Be6 23. b3 Bxd5 24. bxc4 Bxc4 25. Nb3 d5 26. Qa5 Bxb3 27. Qxd8
Bxc2+ 28. Kxc2 Rxd8 29. Ra3 Rc8+ 30. Rc3 Rxc3+ 31. Kxc3 e6 32. Kb4 Kf8 33. Ka5
Ke8 34. Kxa6 b4 35. Kb5 Bf8 36. Rc1 Kd7 37. Kb6 Be7 38. Rc7+ Ke8 39. Kc6 Kd8
40. Ra7 Ke8 41. Ra8+ Bd8 42. Kb5 Kd7 43. Kxb4 Bb6 44. Kc3 Be3 45. Ra4 d4+ 46.
Kd3 Ke7 47. Rxd4 Bxd4 48. Kxd4 Kd7 49. Kc5 Kc7 50. a4 1-0

[Event "12. Lichtenberger Sommer"]
[Site "Berlin"]
[Date "2013.08.25"]
[Round "9.93"]
[White "Herrmann, Eberhard"]
[Black "Paris, Gerhard"]
[Result "1-0"]
[WhiteElo "1861"]
[BlackElo "1587"]
[PlyCount "45"]
[EventDate "2013.??.??"]
[WhiteTeam "SC Friesen Lichtenberg e.V."]
[BlackTeam "TSG Oberschöneweide e.V."]

1. e4 e5 2. Bc4 Nf6 3. d4 Nxe4 4. dxe5 Nxf2 5. Qf3 d5 6. Bxd5 Be6 7. Bxe6 Bb4+
8. c3 Bxc3+ 9. Nxc3 Nd3+ 10. Ke2 Nxe5 11. Qd5 Qf6 12. Bh3 O-O 13. Nf3 Nbc6 14.
Bg5 Nd4+ 15. Qxd4 Qa6+ 16. Kd1 Nc6 17. Qf2 f6 18. Bd2 Nb4 19. Qe2 Nd3 20. Qe6+
Qxe6 21. Bxe6+ Kh8 22. Kc2 Rad8 23. Bc4 1-0

[Event "12. Lichtenberger Sommer"]
[Site "Berlin"]
[Date "2013.08.25"]
[Round "9.94"]
[White "Tschirschwitz, Stephan"]
[Black "Fuchs, Jörg"]
[Result "0-1"]
[WhiteElo "1570"]
[BlackElo "1862"]
[PlyCount "104"]
[EventDate "2013.??.??"]
[WhiteTeam "SG Lasker Steglitz-Wilmersdorf"]
[BlackTeam "SC Kreuzberg e.V."]

1. Nf3 f5 2. d4 Nf6 3. c4 e6 4. g3 d5 5. Bg2 Be7 6. O-O O-O 7. b3 a5 8. Nc3 Ne4
9. Nxe4 fxe4 10. Ne5 Qe8 11. a4 Nd7 12. Nxd7 Bxd7 13. f3 exf3 14. Bxf3 dxc4 15.
bxc4 Bc6 16. e4 e5 17. d5 Bc5+ 18. Kh1 Bd7 19. Bg4 Bxg4 20. Qxg4 Rxf1+ 21. Kg2
Rg1+ 22. Kh3 Qc8 23. Bb2 Qxg4+ 24. Kxg4 Rxa1 25. Bxa1 Rf8 26. Bxe5 Bd6 27. Bf4
Bxf4 28. gxf4 Kf7 29. e5 Ke7 30. f5 h5+ 31. Kg5 h4 32. Kg6 b6 33. h3 Kd7 34. f6
gxf6 35. exf6 Kd6 36. Kg7 Rc8 37. Kf7 Kc5 38. Ke7 Rh8 39. f7 Kxc4 40. d6 cxd6
41. Kxd6 Kb4 42. Ke7 Kxa4 43. f8=Q Rxf8 44. Kxf8 Kb4 45. Kg7 a4 46. Kg6 a3 47.
Kh5 a2 48. Kxh4 a1=Q 49. Kg5 Kc4 50. h4 Qg7+ 51. Kf5 b5 52. h5 b4 0-1

[Event "12. Lichtenberger Sommer"]
[Site "Berlin"]
[Date "2013.08.25"]
[Round "9.95"]
[White "Jansen, Robert"]
[Black "Bockrath, Hendrik"]
[Result "1-0"]
[WhiteElo "1771"]
[BlackElo "1382"]
[PlyCount "45"]
[EventDate "2013.??.??"]
[WhiteTeam "SC Kreuzberg e.V."]
[BlackTeam "SC Kreuzberg e.V."]

1. d4 d5 2. c4 e6 3. Nc3 Nf6 4. Nf3 c6 5. e3 Nbd7 6. Bd3 Bd6 7. O-O O-O 8. Re1
e5 9. dxe5 Nxe5 10. Nxe5 Bxe5 11. f4 Bxc3 12. bxc3 dxc4 13. Bxc4 Qxd1 14. Rxd1
Bg4 15. Re1 b5 16. Bb3 Ne4 17. Bb2 Rfe8 18. h3 Bf5 19. g4 Bc8 20. Rad1 Bb7 21.
Rd7 Nc5 22. Bxf7+ Kf8 23. Ba3 1-0

[Event "12. Lichtenberger Sommer"]
[Site "Berlin"]
[Date "2013.08.25"]
[Round "9.96"]
[White "Laurin, Dirk"]
[Black "Schönemann, Manfred"]
[Result "0-1"]
[WhiteElo "1647"]
[BlackElo "1783"]
[PlyCount "32"]
[EventDate "2013.??.??"]
[WhiteTeam "SG Narva Berlin e.V."]
[BlackTeam "SV Turbine Berlin e.V."]

1. e4 c5 2. Nf3 Nc6 3. c3 d5 4. exd5 Qxd5 5. Be2 e5 6. O-O Nf6 7. Na3 Bg4 8.
Nc2 O-O-O 9. Ne3 Qd7 10. Nxg4 Nxg4 11. h3 Nf6 12. Nh2 h5 13. d3 Bd6 14. Bg5 e4
15. dxe4 Bxh2+ 16. Kxh2 Qc7+ 0-1

[Event "12. Lichtenberger Sommer"]
[Site "Berlin"]
[Date "2013.08.25"]
[Round "9.97"]
[White "Weishäutel, Moritz"]
[Black "Linden, Raimund"]
[Result "1-0"]
[WhiteElo "1680"]
[BlackElo "1740"]
[PlyCount "85"]
[EventDate "2013.??.??"]
[WhiteTeam "SV Empor Erfurt"]
[BlackTeam "SK Zehlendorf e.V."]

1. e4 e5 2. Nf3 Nc6 3. Bc4 Be7 4. d4 exd4 5. Nxd4 d6 6. Nxc6 bxc6 7. O-O Nf6 8.
Nc3 O-O 9. Qf3 Nd7 10. Qg3 Bh4 11. Qd3 Ne5 12. Qe2 Nxc4 13. Qxc4 Bd7 14. Be3 c5
15. Rad1 Be6 16. Qe2 Qb8 17. b3 Bf6 18. Nd5 Bxd5 19. Rxd5 Be7 20. Qg4 Qc8 21.
Qxc8 Rfxc8 22. Bg5 Bxg5 23. Rxg5 f6 24. Rg4 a5 25. f4 a4 26. Rf3 axb3 27. cxb3
Rxa2 28. Rfg3 g6 29. f5 g5 30. h4 h6 31. hxg5 hxg5 32. Rh3 Kg7 33. Rd3 Rb2 34.
e5 fxe5 35. Rxg5+ Kf6 36. Rdg3 Rb8 37. Rh5 e4 38. Rg6+ Ke5 39. f6+ Kd4 40. f7
Rf8 41. Rh7 Rxb3 42. Rg8 Rbb8 43. Rhh8 1-0

[Event "12. Lichtenberger Sommer"]
[Site "Berlin"]
[Date "2013.08.25"]
[Round "9.98"]
[White "Stark, Steven"]
[Black "Dittrich, Hans-Georg"]
[Result "1/2-1/2"]
[WhiteElo "1529"]
[BlackElo "1751"]
[PlyCount "136"]
[EventDate "2013.??.??"]
[WhiteTeam "BSC Rehberge 1945 e.V."]
[BlackTeam "SG Blau-Weiß Stadtilm"]

1. Nf3 Nf6 2. g3 g6 3. Bg2 Bg7 4. d3 d5 5. O-O O-O 6. Nc3 e6 7. Bf4 a6 8. Be5
Nbd7 9. d4 Nxe5 10. Nxe5 Nd7 11. f4 Nxe5 12. dxe5 f6 13. exf6 Bxf6 14. Qd3 c6
15. Rab1 e5 16. fxe5 Bxe5 17. Rxf8+ Qxf8 18. Rf1 Qc5+ 19. Kh1 Be6 20. Na4 Qe7
21. b3 Rf8 22. Nc3 Rxf1+ 23. Bxf1 Qc5 24. Na4 Qf8 25. Bg2 Qf2 26. Qd1 Bf5 27.
Qf1 Qxf1+ 28. Bxf1 Be4+ 29. Bg2 Bxg2+ 30. Kxg2 Bd6 31. Kf3 Kf7 32. h3 Kf6 33.
g4 Ke5 34. Nb2 Kd4 35. Nd1 b5 36. c3+ Ke5 37. b4 d4 38. a3 c5 39. e3 dxc3 40.
Nxc3 cxb4 41. axb4 Bxb4 42. Ne2 Bc5 43. Nc3 b4 44. Na4 Be7 45. Ke2 Ke4 46. Kd2
a5 47. Ke2 Bd6 48. h4 Be7 49. h5 gxh5 50. gxh5 Kf5 51. Kd3 Kg5 52. Nb6 Kxh5 53.
e4 Kg4 54. Kc4 Bd8 55. Na4 h5 56. Nb2 h4 57. Nd3 h3 58. Ne5+ Kf4 59. Nd3+ Kxe4
60. Nf2+ Kf4 61. Nxh3+ Ke3 62. Kb3 Bf6 63. Kc4 Bh4 64. Kb3 Be7 65. Ka4 Kd2 66.
Nf4 Bd8 67. Kb3 Bh4 68. Nd5 Kd3 1/2-1/2

[Event "12. Lichtenberger Sommer"]
[Site "Berlin"]
[Date "2013.08.25"]
[Round "9.99"]
[White "Toth, Hans-Jürgen"]
[Black "Zesewitz, Maik"]
[Result "0-1"]
[WhiteElo "1641"]
[BlackElo "1579"]
[PlyCount "104"]
[EventDate "2013.??.??"]
[WhiteTeam "Schachfreunde Zehdenick 76 e.V."]
[BlackTeam "SF Friedrichshagen"]

1. f4 d5 2. Nf3 Nc6 3. e3 Bg4 4. Bb5 Qd7 5. O-O a6 6. Bxc6 Qxc6 7. b3 Nf6 8.
Bb2 O-O-O 9. Ne5 Qe6 10. Qe1 Bf5 11. d3 h5 12. Nd2 Ng4 13. Ndf3 Nxe5 14. fxe5
Qh6 15. h4 f6 16. Nd4 Bg4 17. Qg3 e6 18. Qf4 fxe5 19. Qxh6 Rxh6 20. Nf3 d4 21.
exd4 exd4 22. Ne5 Rf6 23. Nxg4 hxg4 24. g3 c5 25. c4 Bd6 26. Kg2 Rdf8 27. Rxf6
Rxf6 28. Rf1 Rxf1 29. Kxf1 Bxg3 30. Bc1 Bxh4 31. Bf4 Kd7 32. a4 Bd8 33. Kg2 Bc7
34. Bd2 a5 35. Bg5 Ke8 36. Bh4 Kf7 37. Bg5 Kg6 38. Be7 b6 39. Bh4 Kh5 40. Be1
g5 41. Bf2 Kg6 42. Be1 g3 43. Kf3 Kf5 44. Bd2 Bf4 45. Be1 g4+ 46. Kg2 e5 47. b4
cxb4 48. Bxb4 axb4 49. c5 bxc5 50. a5 e4 51. dxe4+ Kxe4 52. a6 Bb8 0-1

[Event "12. Lichtenberger Sommer"]
[Site "Berlin"]
[Date "2013.08.25"]
[Round "9.100"]
[White "Koerber, Bernhard"]
[Black "Gnaß, Erhard"]
[Result "1/2-1/2"]
[WhiteElo "1611"]
[BlackElo "1529"]
[PlyCount "50"]
[EventDate "2013.??.??"]
[WhiteTeam "SG Lasker Steglitz-Wilmersdorf"]
[BlackTeam "SK Zehlendorf e.V."]

1. e4 e5 2. Nf3 Nc6 3. Bb5 d6 4. d4 Bd7 5. O-O Nf6 6. Nc3 Be7 7. Be3 O-O 8. Qd2
Ng4 9. dxe5 Nxe3 10. Qxe3 Nxe5 11. Bxd7 Nxf3+ 12. Qxf3 Qxd7 13. Rad1 c6 14. Rd3
Qc7 15. Qd1 Rad8 16. Re1 Bf6 17. Qd2 Rfe8 18. g3 g6 19. Kg2 Bg7 20. f3 Rd7 21.
a4 Red8 22. Rd1 a5 23. b3 b6 24. Ne2 d5 25. exd5 Rxd5 1/2-1/2